Guess the f1 driver celebration - Statistics

General Stats
  • This quiz has been taken 9 times
  • The average score is 8 of 14
Answer Stats
Picture Hint Answer % Correct
Year: 2023 Verstappen Monza 2023
100%
Year: 2015 Hamilton Bahrain 2015
83%
Year: 2024 Leclerc Monza 2024
83%
Year: 2025 Hadjar Netherlands 2025
67%
Year: 2021 Hamilton Silverstone 2021
67%
Year: 2024 Leclerc Monaco 2024
67%
Year: 2024 Ocon and Gasly Brazil 2024
67%
Spain: 2023 Sainz Singapore 2023
67%
Year: 2013 Vettel India 2013
67%
Year: 2025 Norris Mexico 2025
50%
Year: 2021 Verstappen Monaco 2021
50%
Year: 2020 Hamilton Spain 2020
33%
Year: 2019 Verstappen Hungary 2019
17%
Year: 2025 Antonelli Miami sprint 2025
0%
No matching quizzes found
Score Distribution
Percent of People with Each Score
Percentile by Number Answered
Your Score History
You have not taken this quiz